Welcome to the Holygrace Academy Library

Please use search bar below to get started

NANCY DREW DIARIES - MYSTERY OF THE MIDNIGHT RIDER (Record no. 7881)

MARC details
000 -LEADER
fixed length control field 00610nam a22001457a 4500
020 ## - INTERNATIONAL STANDARD BOOK NUMBER
ISBN 978-1-4424-7860-2
082 ## - DEWEY DECIMAL CLASSIFICATION NUMBER
Classification number 823
Item number KEE/N
100 ## - MAIN ENTRY--AUTHOR NAME
Personal name KEENE, CAROLYN
245 ## - TITLE STATEMENT
Title NANCY DREW DIARIES - MYSTERY OF THE MIDNIGHT RIDER
260 ## - PUBLICATION, DISTRIBUTION, ETC. (IMPRINT)
Place of publication NEW YORK
Name of publisher ALADDIN PAPERBACKS
Year of publication 2013
300 ## - PHYSICAL DESCRIPTION
Number of Pages 190
520 ## - SUMMARY, ETC.
Summary, etc When competition for lucrative prizes ranging from money to placement on the Olympic Team escalates to the point where one desperate participant drugs horses at the River Heights Horse Show, Nancy, Bess, and George track clues to identify the culprit.
650 ## - SUBJECT ADDED ENTRY--TOPICAL TERM
Topical Term MYSTERY
Geographic subdivision UNITED STATES
942 ## - ADDED ENTRY ELEMENTS (KOHA)
Koha item type Books
Holdings
Withdrawn status Lost status Collection code Home library Current library Shelving location Date acquired Source of acquisition Cost, normal purchase price Full call number Accession Number Koha item type
    Fiction Main Library Main Library NEW SHELF WITH NEW ENTRY 20/11/2023 purchase 250.00 823 KEE/N 13479 Books